Statistics for Norse mythology multiple choice

Click here to take the quiz!

General Stats

  • This quiz has been taken 672 times
  • The average score is 9 of 15

Answer Stats

QuestionAnswer% Correct
What was Fenrir?An enormous wolf that bit off the hand of the god Tyr
84%
What is Yggdrasil?An immense tree that connects the Nine Worlds
83%
What did Valkyries do?Brought those who died in battle to Valhalla
82%
Who lives in Midgard?Humans
82%
How did Odin lose his eye?He traded it to gain wisdom
77%
How was the god Baldr killed?He was struck by a spear made of mistletoe
77%
Who are the Aesir and the Vanir?two groups of Norse gods
70%
Who was born from nine mothers?Heimdall
68%
When the giant Thrymr stole Thor's hammer, how did he get it back?Thor dressed as the goddess Freya and pretended to marry Thrymr
64%
What is Gungnir?Odin's spear
61%
Who is the wife of Thor?Sif
61%
Who wrote the Prose Edda, from which comes much of what we know of Norse mythology?Snorri Sturluson
38%
Which of these was not forged by the dwarves Brokkr and Sindri?Skidbladnir, the "best of ships"
36%
What is Ragnarok?Twilight of the gods
25%
Which of these is NOT a child of Loki?Helblindi
23%

Score Distribution

Percentile by Number Answered

Percent of People with Each Score

Your Score History

You have not taken this quiz